000 00453nam a2200157 i 4500
001 74591
003 ES-MaACL
005 20230906172200.0
007 t|
008 040920s1973 sp ||||1| spa d
100 1 _aGonzález Lorente, Juan.
_958768
245 1 0 _aGuía de Lorca /
_cJuan González Lorente.
260 _a[Lorca :
_bs.n.,
_c1973] (
_fImp. García y Méndez)
300 _a106 p., 4 lám. ;
_c22 cm.
852 _aES-MaACL
_jC-55119
_bR.87818
999 _c74591
_d74591